000 00519 a2200157 4500
999 _c69
_d69
008 190917b ||||| |||| 00| 0 eng d
020 _a8174507116
040 _aIMU-KC
082 0 0 _a324
_bN3373
110 _94922
_aNational Council of Educational Research and Training (NCERT)
245 _aDemocratic politics-II: textbook in political science for Class X /
260 _aNew Delhi:
_bNational Council of Educational Research and Training,
_c2018.
300 _a295 p.
650 0 _aPolitical Science
942 _2ddc
_cBK